000 00542nam a22001817a 4500
008 171004b xxu||||| |||| 00| p tur d
020 _a9786054156245
041 _atur
050 _a PL248.D466
100 _aDemirtaş, Metin
_9250
245 _aTürkülerde Gezer Adları
250 _a1.Basım
260 _aİstanbul
_bEvrensel Basın Yayın
_cEkim 2009
300 _a160 Sayfa
500 _aAhmet Tüzün, kitabı incelemiş, dikkatini çeken şiir sayfalarını işaretlemiş.
650 0 _9145
_aTürk Edebiyatı
942 _2lcc
_cBK
999 _c1329
_d1306